<?xml version="1.0" encoding="UTF-8"?>
<record
    xmlns:xsi="http://www.w3.org/2001/XMLSchema-instance"
    xsi:schemaLocation="http://www.loc.gov/MARC21/slim http://www.loc.gov/standards/marcxml/schema/MARC21slim.xsd"
    xmlns="http://www.loc.gov/MARC21/slim">

  <leader>00830nam a22002057a 4500</leader>
  <controlfield tag="005">20240131172154.0</controlfield>
  <datafield tag="010" ind1=" " ind2=" ">
    <subfield code="a">ENG-139064-67</subfield>
  </datafield>
  <datafield tag="020" ind1=" " ind2=" ">
    <subfield code="c">8995.00</subfield>
    <subfield code="a">9789395116190(Set Of 4)</subfield>
  </datafield>
  <datafield tag="035" ind1=" " ind2=" ">
    <subfield code="a">EN-122596-99</subfield>
  </datafield>
  <datafield tag="037" ind1=" " ind2=" ">
    <subfield code="b">DBAD/PUB</subfield>
  </datafield>
  <datafield tag="082" ind1=" " ind2=" ">
    <subfield code="a">347.54</subfield>
    <subfield code="2">13</subfield>
  </datafield>
  <datafield tag="100" ind1=" " ind2=" ">
    <subfield code="a">Nelson R A</subfield>
    <subfield code="9">61496</subfield>
  </datafield>
  <datafield tag="245" ind1="0" ind2="0">
    <subfield code="a">Indian Penal Code/</subfield>
    <subfield code="c">By R A Nelson </subfield>
  </datafield>
  <datafield tag="260" ind1=" " ind2=" ">
    <subfield code="a">Gurgaon</subfield>
    <subfield code="b">Lexis Nexis</subfield>
    <subfield code="c">2023</subfield>
  </datafield>
  <datafield tag="270" ind1=" " ind2=" ">
    <subfield code="a">14th Floor, Building. No.10, Tower-B, DLF Cyber City, Phase-II</subfield>
    <subfield code="b">Gurgaon</subfield>
    <subfield code="e">122002</subfield>
    <subfield code="l">+911244774100</subfield>
    <subfield code="k">+911244774444</subfield>
    <subfield code="m">help.in@lexisnexis.com</subfield>
  </datafield>
  <datafield tag="300" ind1=" " ind2=" ">
    <subfield code="a">clxxxiii,cliv,clxxxv,dxxiv4331p.</subfield>
    <subfield code="c">25cm(pbk)</subfield>
  </datafield>
  <datafield tag="490" ind1=" " ind2=" ">
    <subfield code="a">Set of 4 Volumes</subfield>
    <subfield code="v">Vol 1 Section 1 to 171</subfield>
    <subfield code="v">Vol 2 Section 171A to 302</subfield>
    <subfield code="v">Vol 3 Section 303 to 428</subfield>
    <subfield code="v">Vol 4 Section 429 to 511</subfield>
  </datafield>
  <datafield tag="500" ind1=" " ind2=" ">
    <subfield code="a">Includes bibliographical references</subfield>
  </datafield>
  <datafield tag="942" ind1=" " ind2=" ">
    <subfield code="2">ddc</subfield>
    <subfield code="c">EN</subfield>
    <subfield code="h">345.54</subfield>
    <subfield code="m">NEL</subfield>
  </datafield>
  <datafield tag="999" ind1=" " ind2=" ">
    <subfield code="c">200475</subfield>
    <subfield code="d">200475</subfield>
  </datafield>
  <datafield tag="952" ind1=" " ind2=" ">
    <subfield code="0">0</subfield>
    <subfield code="1">0</subfield>
    <subfield code="3">Vol 1</subfield>
    <subfield code="4">0</subfield>
    <subfield code="7">1</subfield>
    <subfield code="8">REF</subfield>
    <subfield code="a">ZLS</subfield>
    <subfield code="b">ZLS</subfield>
    <subfield code="d">2024-01-31</subfield>
    <subfield code="e">DBAD/PUB</subfield>
    <subfield code="g">2248.75</subfield>
    <subfield code="l">0</subfield>
    <subfield code="o">345.54 NEL</subfield>
    <subfield code="p">EN-122596</subfield>
    <subfield code="r">2024-01-31 00:00:00</subfield>
    <subfield code="t">1</subfield>
    <subfield code="v">2248.75</subfield>
    <subfield code="w">2024-01-31</subfield>
    <subfield code="y">EN</subfield>
  </datafield>
  <datafield tag="952" ind1=" " ind2=" ">
    <subfield code="0">0</subfield>
    <subfield code="1">0</subfield>
    <subfield code="3">Vol 2</subfield>
    <subfield code="4">0</subfield>
    <subfield code="7">1</subfield>
    <subfield code="8">REF</subfield>
    <subfield code="a">ZLS</subfield>
    <subfield code="b">ZLS</subfield>
    <subfield code="d">2024-01-31</subfield>
    <subfield code="e">DBAD/PUB</subfield>
    <subfield code="g">2248.75</subfield>
    <subfield code="l">0</subfield>
    <subfield code="o">345.54 NEL</subfield>
    <subfield code="p">EN-122597</subfield>
    <subfield code="r">2024-01-31 00:00:00</subfield>
    <subfield code="t">1</subfield>
    <subfield code="v">2248.75</subfield>
    <subfield code="w">2024-01-31</subfield>
    <subfield code="y">EN</subfield>
  </datafield>
  <datafield tag="952" ind1=" " ind2=" ">
    <subfield code="0">0</subfield>
    <subfield code="1">0</subfield>
    <subfield code="3">Vol 3</subfield>
    <subfield code="4">0</subfield>
    <subfield code="7">1</subfield>
    <subfield code="8">REF</subfield>
    <subfield code="a">ZLS</subfield>
    <subfield code="b">ZLS</subfield>
    <subfield code="d">2024-01-31</subfield>
    <subfield code="e">DBAD/PUB</subfield>
    <subfield code="g">2248.75</subfield>
    <subfield code="l">0</subfield>
    <subfield code="o">345.54 NEL</subfield>
    <subfield code="p">EN-122598</subfield>
    <subfield code="r">2024-01-31 00:00:00</subfield>
    <subfield code="t">1</subfield>
    <subfield code="v">2248.75</subfield>
    <subfield code="w">2024-01-31</subfield>
    <subfield code="y">EN</subfield>
  </datafield>
  <datafield tag="952" ind1=" " ind2=" ">
    <subfield code="0">0</subfield>
    <subfield code="1">0</subfield>
    <subfield code="3">Vol 4</subfield>
    <subfield code="4">0</subfield>
    <subfield code="7">1</subfield>
    <subfield code="8">REF</subfield>
    <subfield code="a">ZLS</subfield>
    <subfield code="b">ZLS</subfield>
    <subfield code="d">2024-01-31</subfield>
    <subfield code="e">DBAD/PUB</subfield>
    <subfield code="g">2248.75</subfield>
    <subfield code="l">0</subfield>
    <subfield code="o">345.54 NEL</subfield>
    <subfield code="p">EN-122599</subfield>
    <subfield code="r">2024-01-31 00:00:00</subfield>
    <subfield code="t">1</subfield>
    <subfield code="v">2248.75</subfield>
    <subfield code="w">2024-01-31</subfield>
    <subfield code="y">EN</subfield>
  </datafield>
</record>
